00742 2200277 4500001002100000005001700021008004100038035002400079040001200103082000800115090001500123100001400138245006500152250001100217260003600228300001800264500003300282650002300315850001200338990001900350990001900369990001900388990001900407990001900426990001900445YOGYA-0209000003524220090227025003.0 ind  0010-020900000035242 aYOPDYOG a904 a904bMay D aMay, Karl aPengembaraan Dr. Karl Maybdari Baghdad ke StambulcKarl May aCet. 1 aJakartabPradnya Paramitac1975 a...jilc21 cm aYang diterima : Jil. 1, 2, 3 aCerita Petualangan aYOPDYOG a105667-P/98b1 a105670-P/98b1 a105671-P/98b1 a105672-P/98b1 a105673-P/98b1 a105674-P/98b1